Normale Ansicht MARC-Ansicht ISBD

c̕xovreba rkinigzis piras (Titelsatznr. 73828)

[ MARC ]
MARC-Details
000 -Satzkennung
Kontrollfeld mit fester Länge 01063nam a22003493u 4500
001 - Kontrollnummer
Kontrollfeld DHIM2026022508330036
003 - Kontrollnummer Identifier
Kontrollfeld RU-10907106
005 - Datum und Zeit der letzten Transaktion
Kontrollfeld 20260323082033.0
007 - Feld mit fester Länge zur physischen Beschreibung - Allgemeine Information
Kontrollfeld mit fester Länge tu
008 - Feld mit fester Länge zur physischen Beschreibung - Allgemeine Angaben
Kontrollfeld mit fester Länge 260225s2021 gau ||| ||| 000 0 geo d
020 ## - Internationale Standardbuchnummer
Verknüpfung 978-9941-9755-2-3
Internationale Standardbuchnummer 9789941975523
040 ## - Katalogisierungsquelle
Original-Katalogisierungsstelle RU-10907106
Katalogisierungssprache ger
Übertragungsstelle RU-10907106
041 ## - Sprachcode
Sprachcode des Textes/der Tonspur oder des separaten Titels geo
245 #0 - Titel
Titel c̕xovreba rkinigzis piras
Zusatz zum Titel čiat̕urisa da zestap̕onis mexsiereba da dḡevandeloba
264 #1 - Produktion, Veröffentlichung, Distribution, Herstellung und Urheberrechtsvermerk
Herstellungs-, Veröffentlichungs- Vertriebs-, Erzeugungsort Tbilisi
Produzent, Herausgeber, Distributor, Hersteller UDC
Datum der Herstellung, der Veröffentlichung, des Vertriebs oder des Urheberschutzvermerks 2021
300 ## - Physische Beschreibung
Umfang 92 Seiten
336 ## - Inhaltstyp
Quelle rdacontent
Inhaltstypterm Text
Inhaltstypcode txt
337 ## - Medientyp
Quelle rdamedia
Bezeichnung des Medientyps Ohne Hilfsmittel zu benutzen
Medientypcode n
338 ## - Datenträgertyp
Quelle rdacarrier
Datenträgertypbezeichnung Band
Datenträgertypcode nc
650 ## - Nebeneintragung unter einem Schlagwort - Sachschlagwort
Sachschlagwort oder geografischer Name als Eintragungselement Postsozialismus
Koha-Normdatenidentnummer 14339
650 ## - Nebeneintragung unter einem Schlagwort - Sachschlagwort
Sachschlagwort oder geografischer Name als Eintragungselement Postsowjetisch
Koha-Normdatenidentnummer 68664
650 ## - Nebeneintragung unter einem Schlagwort - Sachschlagwort
Sachschlagwort oder geografischer Name als Eintragungselement Oral History
Koha-Normdatenidentnummer 23556
650 ## - Nebeneintragung unter einem Schlagwort - Sachschlagwort
Sachschlagwort oder geografischer Name als Eintragungselement Eisenbahn
Koha-Normdatenidentnummer 6400
650 ## - Nebeneintragung unter einem Schlagwort - Sachschlagwort
Sachschlagwort oder geografischer Name als Eintragungselement Deindustrialisierung
Koha-Normdatenidentnummer 21156
651 ## - Nebeneintragung unter einem Schlagwort - Geografischer Name
Geografischer Name Georgien
651 ## - Nebeneintragung unter einem Schlagwort - Geografischer Name
Geografischer Name Tschiatura
Koha-Normdatenidentnummer 68665
651 ## - Nebeneintragung unter einem Schlagwort - Geografischer Name
Geografischer Name Sestaponi
Koha-Normdatenidentnummer 68666
700 1# - Nebeneintragung - Personenname
Funktionsbezeichnungscode aut
Personenname Berekašvil, Bak̕ar
Koha-Normdatenidentnummer 68667
700 1# - Nebeneintragung - Personenname
Funktionsbezeichnungscode aut
Personenname Bicaże, Uta
Koha-Normdatenidentnummer 68668
700 1# - Nebeneintragung - Personenname
Funktionsbezeichnungscode aut
Personenname Orešina, Iulia
Koha-Normdatenidentnummer 68669
942 ## - Zusätzliche Felder (Koha)
Klassifikation oder Aufstellungssystematik Andere/Generische Klassifikation
Koha-Medientyp Monographien
Exemplare
Ausgeschieden Verloren Klassifikation oder Aufstellungssystematik Beschädigt Nicht entleihbar Heimatbibliothek Aufenthaltsbibliothek Erwerbungsdatum Inventarnummer Signatur Barcode Letzte Aktivität Preis gültig von Koha-Medientyp
    Andere/Generische Klassifikation     MWN Osteuropa MWS-Büro Georgien 13/11/2025 26-00074 W 66 G u Ber 76762 25/02/2026 25/02/2026 Monographien